000 01142nam a22002897a 4500
003 PE SENCICO BE
005 20260310215154.0
008 260310b |||||||| |||| 00| 0 eng d
017 _22010-00130
040 _aPE SENCICO BE
_cPE SENCICO BE
041 _aspa
082 _a692.5
_bV32E
100 _aVasquez Bustamante, Oscar
_9583
_eautor
245 _aMetrados en edificaciones especialidad instalaciones sanitarias /
_cOscar Vasquez Bustamante, diseño de carátula: Galvani Fernández Espinoza
250 _a1a ed.
260 _aLima :
_bBiblioteca Nacional del Perú ;
_c2010
300 _a155 páginas :
_bdiagramas ;
_c29 cm.
504 _aBibliografía: p.[155]
505 0 _aSistema de desagüe y ventilación -- Sistema de agua fría y contra incendio -- Sistema de agua caliente
520 3 _aVisualiza ejercicios de metrados de tuberías y accesorios para pedido de materiales de obras
650 1 0 _aMetrados
_9584
650 2 0 _aEdificaciones
_9333
650 2 0 _aPresupuestos de obra
_9369
700 _aFernandez Espinoza, Galvani
_9588
_ediseño de carátula
910 _ahfp
942 _2ddc
_cLIB
999 _c9858
_d9858